| 000 | 00602nai a2200169Ia 4500 | ||
|---|---|---|---|
| 003 | IN-BaIIA | ||
| 008 | 211028c9999 xx s 000 0 eng d | ||
| 022 | _a2688-5255 (Online) | ||
| 040 | _cIIA Library | ||
| 245 | 0 |
_aJournal of Social Computing _h[eJournal] |
|
| 260 |
_aBeijing, China _bTsinghua University Press(TUP) |
||
| 362 | _a1(1); 2020 - Present | ||
| 521 | _bSubscribed through National Knowledge Resource Consortium (NKRC) | ||
| 650 |
_aComputing and Processing _948785 |
||
| 856 |
_uhttps://ieeexplore.ieee.org/servlet/opac?punumber=8964404 _yClick Here to Access eJournal |
||
| 942 | _cEJ | ||
| 999 |
_c35213 _d35213 |
||